000
00206 a2200097 4500
001
4902
100
_a
Evang,K
245
_a
Health service, society, Medicine
260
_a
_b
Oxford
_c
090
_c
4091
_d
4091
942
_a
NUST-CAE
_c
M
_c
30369
999
_c
239975
_d
239975